[Event "OS INCLIVEIS"]
[Site "http://www.queenalice.com/game.php?id=1293029"]
[Date "2014.7.7"]
[Round "-"]
[White "adelio"]
[Black "Vivianna"]
[Result "1-0"]
[WhiteElo "1763"]
[BlackElo "1377"]

1. d4 d5 2. e4 dxe4 3. Nc3 Nf6 4. f3 exf3 5. Nxf3 Nc6 6. Be2 Bf5 7. Ng5 Be6 8.
Nxe6 fxe6 9. O-O Qd7 10. Bg5 h6 11. Bxf6 exf6 12. Bh5+ Kd8 13. Ne2 e5 14. c3 g6
15. Bxg6 Qd5 16. Rxf6 Bg7 17. Bf7 Qe4 18. dxe5+ Ke7 19. Re6+ Kxf7 20. Qd7+ Kg8
21. Rf1 Rf8 22. Re8 Qe3+ 23. Kh1 Qxe2 24. Rexf8+ Bxf8 25. Qf7# 1-0

[Event "Challenge"]
[Site "http://www.queenalice.com/game.php?id=1294466"]
[Date "2014.7.13"]
[Round "-"]
[White "dejami"]
[Black "Vivianna"]
[Result "1-0"]
[WhiteElo "1690"]
[BlackElo "1361"]

1. e4 e5 2. Bc4 Qe7 3. d4 d5 4. Bxd5 Nf6 5. f3 c6 6. Bb3 Be6 7. d5 cxd5 8. exd5
Bf5 9. d6 Qd7 10. g4 Be6 11. c4 1-0

[Event "Challenge"]
[Site "http://www.queenalice.com/game.php?id=1296437"]
[Date "2014.7.22"]
[Round "-"]
[White "tucuman"]
[Black "Vivianna"]
[Result "1-0"]
[WhiteElo "1651"]
[BlackElo "1375"]

1. e4 e5 2. Bc4 Qe7 3. Nf3 d6 4. h3 Be6 5. Bb5+ Bd7 6. Bxd7+ Qxd7 7. O-O Nf6 8.
d3 Nc6 9. a3 Be7 10. Nc3 Nd4 11. Nxd4 1-0

[Event "Challenge"]
[Site "http://www.queenalice.com/game.php?id=1296438"]
[Date "2014.7.22"]
[Round "-"]
[White "Vivianna"]
[Black "tucuman"]
[Result "0-1"]
[WhiteElo "1365"]
[BlackElo "1661"]

1. d4 d5 2. Nc3 e6 3. Bf4 a6 4. e3 h6 5. Nf3 Nf6 6. Ne5 Bd7 7. Bd3 Nc6 8. O-O
Nxe5 9. Bxe5 Be7 10. a3 Bd6 0-1

[Event "Challenge"]
[Site "http://www.queenalice.com/game.php?id=1379884"]
[Date "2015.8.27"]
[Round "-"]
[White "Vivianna"]
[Black "zmanomega"]
[Result "0-1"]
[WhiteElo "1316"]
[BlackElo "1711"]

1. e4 Nf6 2. Nc3 c6 3. Nf3 d6 4. d4 Bg4 5. Be2 Bxf3 6. Bxf3 d5 7. e5 Ne4 8. Bxe4
dxe4 9. Nxe4 Qd5 10. f3 Qa5+ 11. Bd2 Qd5 12. c3 e6 13. Nd6+ Kd7 14. Be3 Qa5 15.
b4 Qc7 16. f4 Bxd6 17. Qg4 g6 18. O-O Be7 19. a3 b6 20. Qe2 b5 21. f5 exf5 22.
Rad1 h5 23. d5 Ke8 24. d6 Qd7 25. Qf2 h4 26. h3 Bd8 27. Bf4 g5 28. Be3 f4 29.
Bc5 a5 30. bxa5 Rxa5 31. g4 Qe6 32. Bb4 Ra6 33. Qe2 Nd7 34. a4 Rxa4 35. Qe4 c5
36. Bxc5 Rxe4 37. Rde1 Nxc5 38. Rd1 Qxe5 39. d7+ Nxd7 40. Rfe1 Rxe1+ 41. Rxe1
Qxe1+ 42. Kg2 Bb6 43. Kf3 Ne5+ 44. Kg2 Qf2+ 45. Kh1 Qg1# 0-1

[Event "Challenge"]
[Site "http://www.queenalice.com/game.php?id=1380586"]
[Date "2015.8.30"]
[Round "-"]
[White "Polyphem"]
[Black "Vivianna"]
[Result "1-0"]
[WhiteElo "1550"]
[BlackElo "1323"]

1. d4 d5 2. c4 dxc4 3. Nc3 Nf6 4. e4 Be6 5. d5 Bg4 6. f3 Bh5 7. Bxc4 e6 8. Bg5
exd5 9. Nxd5 Be7 10. Qb3 c6 11. Nf4 h6 12. Nxh5 Nxh5 13. Bxf7+ Kf8 14. Bxe7+
Qxe7 15. Bxh5 Nd7 16. Ne2 Nc5 17. Qc3 Na4 18. Qc2 Qe5 19. Bg4 Nxb2 20. Rb1 Qa5+
21. Kf2 Na4 22. Rxb7 Nc5 23. Rb2 h5 24. Bf5 Na4 25. Rbb1 Kf7 26. Rb7+ Kf8 27.
Qxc6 Qd8 28. Qxa4 a6 29. Qb4+ Ke8 30. Bg6# 1-0

[Event "Challenge"]
[Site "http://www.queenalice.com/game.php?id=1381467"]
[Date "2015.9.4"]
[Round "-"]
[White "Vivianna"]
[Black "Sergio50"]
[Result "0-1"]
[WhiteElo "1375"]
[BlackElo "1361"]

1. d4 d5 2. Nc3 c6 3. Nf3 f6 4. Bf4 Na6 5. e3 g5 6. Bd3 gxf4 7. exf4 c5 8. O-O
Bg4 9. h3 Bxf3 10. Qxf3 e6 11. dxc5 Nxc5 12. Bb5+ Ke7 13. Rfe1 Kd6 14. b4 Nd7
15. f5 Nb6 0-1

[Event "Challenge"]
[Site "http://www.queenalice.com/game.php?id=1381596"]
[Date "2015.9.6"]
[Round "-"]
[White "Wali"]
[Black "Vivianna"]
[Result "1-0"]
[WhiteElo "1291"]
[BlackElo "1358"]

1. e4 e5 2. Nf3 Nc6 3. Nc3 Nf6 4. Bc4 Qe7 5. d3 Nd4 6. Nxd4 exd4 7. Ne2 c5 8.
Bf4 d6 9. O-O Be6 10. c3 Bxc4 11. Qa4+ Kd8 12. Qxc4 Nh5 13. Bd2 Qf6 14. cxd4 Be7
15. Qd5 Rb8 16. Qxh5 g6 17. Qd5 b6 18. e5 Qe6 19. Qxe6 fxe6 20. exd6 Bxd6 21.
Bf4 Bxf4 22. Nxf4 Ke7 23. Rae1 Kf6 24. Nxe6 Rbe8 25. d5 b5 26. Nxc5 Rxe1 27.
Rxe1 h5 28. Re6+ Kg5 29. Ne4+ Kf5 30. Rf6+ Ke5 31. d6 Rd8 32. Rxg6 Kd4 33. Nc3
Re8 34. h3 Re1+ 35. Kh2 Kxd3 36. d7 Kc2 37. d8=Q Kxb2 38. Qd2+ Ka3 39. Nxb5+ Ka4
40. Qxe1 Kxb5 41. Qb1+ Kc4 42. Qb3+ Kd4 43. Rg5 h4 44. Qb4+ Kd3 45. Rd5+ Kc2 46.
Qb3+ Kc1 47. Rd1# 1-0

[Event "Challenge"]
[Site "http://www.queenalice.com/game.php?id=1382045"]
[Date "2015.9.9"]
[Round "-"]
[White "Vivianna"]
[Black "commodoro"]
[Result "0-1"]
[WhiteElo "1314"]
[BlackElo "1565"]

1. Nf3 d6 2. d4 Bf5 3. e3 Nf6 4. Bd3 Bxd3 5. Qxd3 c5 6. O-O Nc6 7. d5 Nb4 8.
Qb5+ Qd7 9. Qc4 Nfxd5 10. a3 b5 11. Qe4 f5 12. Qh4 Nc6 13. Bd2 b4 14. e4 fxe4
15. Qh5+ g6 16. Qh4 exf3 17. Bh6 Qf5 18. c4 Nf6 19. g4 Nxg4 20. Bg5 Bg7 21. Re1
Bf6 22. h3 Nge5 23. Nd2 Bxg5 24. Qg3 Bxd2 25. Red1 Qc2 26. Kh2 Qxb2 27. Qg5 Bxg5
28. axb4 Qxf2+ 29. Kh1 Qg2# 0-1

[Event "Challenge"]
[Site "http://www.queenalice.com/game.php?id=1385060"]
[Date "2015.9.24"]
[Round "-"]
[White "Vivianna"]
[Black "Arianna"]
[Result "0-1"]
[WhiteElo "1339"]
[BlackElo "1332"]

1. d4 d5 2. Nc3 e6 3. Nf3 c6 4. Bf4 Nf6 5. Be5 Bd6 6. e3 Bxe5 7. dxe5 Ng4 8. h3
Nh6 9. Bd3 Nf5 10. e4 dxe4 11. Bxe4 Nd7 12. O-O Nc5 13. a3 a5 14. Re1 Nxe4 0-1

[Event "Challenge"]
[Site "http://www.queenalice.com/game.php?id=1388403"]
[Date "2015.10.9"]
[Round "-"]
[White "Sergio50"]
[Black "Vivianna"]
[Result "0-1"]
[WhiteElo "1388"]
[BlackElo "1326"]

1. e3 e5 2. Nc3 Nc6 3. Ne4 d6 4. h4 Nf6 5. Bd3 h6 6. h5 g5 7. b3 Be7 8. Nxf6+
Bxf6 9. Bb5 Bd7 10. Bxc6 Bxc6 11. Nf3 g4 12. Nh2 Bh4 13. Qxg4 Bd7 14. Qg7 Rf8
15. d4 exd4 16. e4 Bf6 17. Qg3 Qe7 18. Qf4 Bg5 19. Qf3 O-O-O 20. c3 dxc3 21. O-O
Qe5 22. Ng4 c2 0-1

[Event "Challenge"]
[Site "http://www.queenalice.com/game.php?id=1390121"]
[Date "2015.10.21"]
[Round "-"]
[White "Vivianna"]
[Black "modesto54"]
[Result "0-1"]
[WhiteElo "1344"]
[BlackElo "1631"]

1. e4 e5 2. Nf3 Nc6 3. Bc4 Bc5 4. Qe2 Nf6 5. O-O O-O 6. Ng5 d6 7. d3 Nd4 8. Qd2
d5 9. exd5 Nxd5 10. Nc3 c6 11. Bxd5 cxd5 12. Qe1 f6 13. Nf3 Nxc2 14. Qd2 Nxa1
15. b3 a6 16. Bb2 d4 17. Ne4 Nxb3 18. axb3 Be7 19. Nh4 f5 20. Ng3 Bxh4 21. Ba3
Rf7 22. Re1 Qd5 23. Nh5 b5 24. g3 Bb7 25. gxh4 Qg2# 0-1

[Event "Challenge"]
[Site "http://www.queenalice.com/game.php?id=1392670"]
[Date "2015.11.5"]
[Round "-"]
[White "Vivianna"]
[Black "Tooony"]
[Result "0-1"]
[WhiteElo "1308"]
[BlackElo "1750"]

1. d4 d5 2. Nf3 c5 3. dxc5 Nc6 4. a3 g6 5. Nc3 Qa5 6. b4 Nxb4 7. Be3 Bg7 8. axb4
Bxc3+ 9. Bd2 Qxb4 10. e3 Qxc5 11. Bxc3 Qxc3+ 12. Nd2 Nf6 13. Bd3 Bg4 14. f3 Bf5
15. g4 Bd7 16. O-O h5 17. Nb3 hxg4 18. h3 g3 19. f4 Bxh3 20. Re1 g2 21. Kh2 Bg4+
22. Kxg2 Bxd1 23. Rexd1 Ng4 24. Bb5+ Kf8 25. Rxd5 Nxe3+ 26. Kg3 Nxd5+ 27. Kg4
Qh3+ 28. Kg5 Qh4# 0-1

[Event "Challenge"]
[Site "http://www.queenalice.com/game.php?id=1392671"]
[Date "2015.11.5"]
[Round "-"]
[White "fracasso"]
[Black "Vivianna"]
[Result "1-0"]
[WhiteElo "1505"]
[BlackElo "1328"]

1. e4 e5 2. Nf3 Nf6 3. Nc3 Nc6 4. Bc4 Bc5 5. O-O O-O 6. Nb5 Nxe4 7. Qe2 Nd4 8.
Qe3 d6 9. Qxe4 Be6 10. d3 a6 11. Nbxd4 Bxd4 12. Nxd4 Bxc4 13. dxc4 c5 14. Nf5
Qf6 15. Rd1 Rfd8 16. f4 b5 17. Rxd6 Rxd6 18. Qxa8+ Rd8 19. Qe4 1-0

[Event "OS INCLIVEIS"]
[Site "http://www.queenalice.com/game.php?id=1396752"]
[Date "2015.11.30"]
[Round "-"]
[White "adelio"]
[Black "Vivianna"]
[Result "1-0"]
[WhiteElo "1740"]
[BlackElo "1319"]

1. d4 d5 2. e4 e6 3. e5 Nc6 4. c3 h6 5. Be2 a6 6. Nf3 Nge7 7. h4 g6 8. h5 g5 9.
g4 f5 10. exf6 Ng8 11. Nxg5 hxg5 12. Bxg5 Qd7 13. Bd3 Bh6 14. Bg6+ Kf8 15. Qd2
Bxg5 16. Qxg5 Qd8 17. Rh3 Nxf6 18. Rf3 Qd6 19. Qxf6+ Kg8 20. Qf7# 1-0

[Event "OS INCLIVEIS"]
[Site "http://www.queenalice.com/game.php?id=1396753"]
[Date "2015.11.30"]
[Round "-"]
[White "Vivianna"]
[Black "adelio"]
[Result "0-1"]
[WhiteElo "1315"]
[BlackElo "1688"]

1. d4 d5 2. Nc3 e6 3. Nf3 c5 4. e3 c4 5. Ne5 Nc6 6. Qf3 Nxe5 7. Qg3 Ng6 8. Be2
Nf6 9. Bh5 Nxh5 10. Qf3 Qh4 11. Nb5 Kd8 12. Qxf7 Bd7 13. a4 a6 14. Nc3 Bb4 15.
O-O Rf8 16. g3 Rxf7 17. gxh4 Nxh4 18. f4 Rf6 19. Ne2 Rg6+ 20. Ng3 Nxg3 21. hxg3
Rxg3+ 22. Kh2 Rg2+ 23. Kh1 Rxc2 24. Rg1 g6 25. Rf1 Kc7 26. f5 Bd6 27. fxe6 Rh2+
28. Kg1 Bxe6 29. Rf6 Bf5 30. Rf7+ Kb8 31. Rxh7 Nf3+ 32. Kf1 Bd3# 0-1

[Event "OS INCLIVEIS"]
[Site "http://www.queenalice.com/game.php?id=1396754"]
[Date "2015.11.30"]
[Round "-"]
[White "adelio"]
[Black "Vivianna"]
[Result "1-0"]
[WhiteElo "1721"]
[BlackElo "1317"]

1. f4 Nf6 2. c4 Nc6 3. e3 d6 4. Be2 Bf5 5. Nc3 e6 6. h4 e5 7. h5 h6 8. g4 Bxg4
9. Bxg4 Be7 10. Bf5 exf4 11. Qa4 O-O 12. Nf3 d5 13. Nxd5 Nxd5 14. cxd5 g5 15.
hxg6 Nb4 16. Rxh6 Nxd5 17. gxf7+ Rxf7 18. Rg6+ Kh8 19. Qd4+ Kh7 20. Rg7+ Kh6 21.
Rxf7 fxe3 22. Rh7# 1-0